Quiz sur le 4e arrondissement de Paris - Statistiques

Statistiques générales
  • Ce quiz a été pris 42 fois
    8 depuis la dernière actualisation
  • Le résultat moyen est 15 sur 20
Statistiques - réponses
Question Réponse % Correct
Quelle actrice britannique, ayant notamment interprété le rôle d'Hermione Granger et de Belle au cinéma, est née dans le 4e arrondissement ? Emma Watson
100%
Quel grand magasin s'est retrouvé au coeur d'une polémique en 2025 pour avoir laissé ouvrir une enseigne Shein ? Le BHV Marais
100%
Quel bâtiment, actuellement fermé pour restauration, abrite notamment le musée national d'Art moderne et un grand nombre d'expositions temporaires ? Le centre Pompidou
100%
Quel est le nom de l'île voisine de l'île de la Cité ? L'île Saint-Louis
100%
Quel empereur fut sacré dans la cathédrale Notre-Dame de Paris, comme dépeint par Jacques-Louis David ? Napoléon Ier
100%
Quel célèbre auteur romantique du XIXe siècle fait l'objet d'un musée à l'endroit où il vécut sur la place précédente pendant 16 ans, où il écrit la plus grande partie de Les Misérables ? Victor Hugo
100%
Nom de l'arrondissement Hôtel de Ville
86%
Quel canal se jette dans la Seine au niveau du port de l'Arsenal ? Le canal Saint-Martin
86%
Quel lieu de mémoire abrite le Mur des Noms et le Mur des Justes ? Le mémorial de la {Shoah}
86%
Quartiers administratifs Notre-Dame
86%
Quel film avec Louis de Funès se déroule en partie rue des Rosiers dans le Pletzl, célèbre quartier juif de Paris ? Les Aventures de Rabbi Jacob
71%
Sur le chantier de quel réseau souterrain eut lieu la "Catastrophe du marché aux fleurs" qui causa la mort de 5 ouvriers en 1907, les uniques victimes de la construction de tout le réseau ? Le métro (ligne 4)
71%
Quelle référence servant d'origine des routes se situe sur le parvis Notre-Dame ? Le point {zéro}
71%
Quel peuple gaulois, donnant leur nom à Paris, était installé sur l'île de la Cité à partir du IIIe siècle av. J.-C. ? Les Parisii
71%
Quelle place hôtelière, par ailleurs la plus ancienne de Paris, est nommée par Napoléon en l'honneur du premier département qui s'est acquitté de l'impôt ? Place des Vosges
57%
Quartiers administratifs Arsenal
43%
Quel clocher-tour de style gothique, haut de 54 m, se dresse non-loin de la place du Châtelet ? La tour Saint-Jacques
43%
Quel préfet de la Seine est à l'origine d'un concours d'inventions à son nom ? Louis Lépine
43%
Quartiers administratifs Saint-Gervais
43%
Quartiers administratifs Saint-Merri
43%
Aucun quiz correspondant
Distribution des résultats
% des personnes avec chaque résultat
Percentile par nombre de réponses
Votre historique - résultats
Vous n’avez pas pris ce quiz depuis la dernière actualisation